| 000 | 01926nam a2200229 a 4500 | ||
|---|---|---|---|
| 001 | 000022276 | ||
| 005 | 20260409192348.0 | ||
| 008 | 100921s1994 ht a 001 0 spa d | ||
| 040 |
_aDO-SdBNP _bspa _cBNPHU |
||
| 082 |
_a327.7294 _bP622h |
||
| 100 | 1 |
_aPierre-Louis, Vincent Serge, _d1959- _946025 |
|
| 245 | 1 | 0 |
_aHaití : _bprotocolo estatal y servicio exterior / _cVincent Serge Pierre-Louis. |
| 260 |
_aSanto Domingo : _bNuevo Diario, _c1994. |
||
| 300 |
_a86 p. : _bil. ; _c21 cm. |
||
| 504 | _aBibliografía : p. 83 -84 | ||
| 505 | 0 |
_aPrimera parte : _tProtocolo estatal -- _tAgradecimientos -- _tDedicatoria -- _tPréambulo -- _tIntroducción -- _tAniversarios y fiestas nacionales de Haití -- _tCondecoraciones -- _tVestimenta -- _tLos salones del Palacio Nacional -- _tConclusiones -- _gSegunda parte : _tServicio exterior -- _tIntroducción -- _tEl cargo de embajador -- _tEl cargo de cónsul -- _tDeberes del jefe de misión -- _tPapel del agente diplomático o consular -- _tOrganización de la misión -- _tCorrespondecia -- _tMantenimiento de los archivo y conservación del material y del moniteur -- _tCorrespondencia y archivos -- _tDe los registros -- _tDel secreto de los documentos -- _tBiblioteca de la misión -- _tTranscripción de las actas -- _tProtección a los haitianos -- _tDeberes especiales del cónsul -- _tRelaciones del agente consular con la misión diplomática -- _tFormación académica de los diplomáticos haitianos -- _tEl Ministerio de Planificación y Cooperación Externa -- _tEl caso de la expulsión de Cuba de la OEA -- _tPrincipales embajadas y consulados de Haití -- _tDiplomáticos sobresalientes -- _tPapel de la mujer -- _tEpílogo -- _tGlosario -- _tBibliografía -- _tBibliografía del autor. |
|
| 590 | _aInventariado, 2018/BT | ||
| 651 | 4 |
_aHaití _xRelaciones Exteriores _946026 |
|
| 650 | 0 |
_aDiplomacia _9398 |
|
| 651 | 4 |
_aDías Festivos _zHaití _946027 |
|
| 910 | _aValidado. Control de calidad. MMOLINA | ||
| 999 |
_c21774 _d21774 |
||